LEADER 01521nam a2200337 i 4500 001 000000188350 003 CaOOAMICUS 005 20100423000000.0 008 100423s2009 it u000 u ita u 013 $a166528 020 $a978-88-6081-394-7 040 $aSeMil$bita 100 1 $aPopper, Karl Raimund,$d<1902-1994>.$0(OLS)http://semarc/name/924 240 10$aAfter the Open Society. Selected Social and Political Writings.$0(OLS)http://semarc/title/271049 245 10$aDopo La società aperta /$cKarl R. Popper ; [introduzione di Dario Antiseri]. 260 $aRoma :$bArmando,$ccopyr. 2009. 300 $a558 p. ;$c22 cm. 490 0 $aTemi del nostro tempo 500 $aContiene : Libri di Popper. 650 4$aFilosofia della scienza.$0(OLS)http://semarc/subject/4333 650 4$aFilosofia politica.$0(OLS)http://semarc/subject/358 650 4$aScienze sociali.$0(OLS)http://semarc/subject/2594 650 4$aPopper, Karl Raimund <1902-1994> - Opere.$0(OLS)http://semarc/subject/360 700 1 $aAntiseri, Dario,$d<1940- >.$0(OLS)http://semarc/name/3807 830 0$aTemi del nostro tempo.$0(OLS)http://semarc/title/1070 850 $aSeMil 852 $aSeMil$W1$xVenegono$y1$m90 15 3 *$j139006$B139006$CSeMilBibl$Z2$F150589 $81 961 $aAcquisto: Àncora (Libreria) 996 $6020$a978-88-6081-394-7$9(OLS)http://semarc/number/178906 996 $6245$aDopo La società aperta$9(OLS)http://semarc/title/271048 996 $6260$aRoma :$bArmando$9(OLS)http://semarc/publisher/29857 LEADER 01623nam a2200325 i 4500 001 000000340416 003 CaOOAMICUS 005 20230112105523.0 008 200529s2019 it u000 u ita u 020 $a978-88-311-9860-8 040 $aSeMil$bita 041 1 $aita$alat 100 0 $aHieronymus,$c.$0(OLS)http://semarc/name/471 245 10$a3: Commenti ai profeti Abdia e Zaccaria /$cGirolamo ; a cura di M. T. Messina. 246 01$aHieronymi Commentarii in prophetas Abdiam et Zachariam 264 1$aRoma :$bCittà Nuova,$c2019. 300 $a408 p. ;$c24 cm. 650 4$aBibbia. Antico Testamento. Abdia - Commentari, studi, critica, interpretazioni.$0(OLS)http://semarc/subject/20348 650 4$aBibbia. Antico Testamento. Zaccaria - Commentari, studi, critica, interpretazioni.$0(OLS)http://semarc/subject/1410 700 1 $aMessina, Marco Tullio <1970- >.$0(OLS)http://semarc/name/61667 773 0 $aHieronymus $t8: Commenti ai profeti minori.$dRoma : Città Nuova, 2017-2021.$g3$w()4431 850 $aSeMil 852 $aSeMil$W1$xVenegono$y1$mSL1.U V 58/3$j219390$B231513$CSeMilBibl$Z2$F231513 $8I 900 0 $aGirolamo$c. 996 $6020$a978-88-311-9860-8$9(OLS)http://semarc/number/290423 996 $6245$a3: Commenti ai profeti Abdia e Zaccaria$9(OLS)http://semarc/title/429451 996 $6246$aHieronymi Commentarii in prophetas Abdiam et Zachariam$9(OLS)http://semarc/title/440442 996 $6264$aRoma :$bCittà Nuova$9(OLS)http://semarc/publisher/29609